Principles of auditing and other assurance services
Salvato in:
| Autore principale: | |
|---|---|
| Natura: | Libro |
| Lingua: | Undetermined |
| Pubblicazione: |
Boston, MA
McGraw-Hill
2004
|
| Soggetti: | |
| Tags: |
Aggiungi Tag
Nessun Tag, puoi essere il primo ad aggiungerne! !
|
| Thư viện lưu trữ: | Trung tâm Học liệu Trường Đại học Cần Thơ |
|---|
| LEADER | 00675nam a2200205Ia 4500 | ||
|---|---|---|---|
| 001 | CTU_65797 | ||
| 008 | 210402s9999 xx 000 0 und d | ||
| 020 | |c 2093000 | ||
| 082 | |a 657.45 | ||
| 082 | |b W626 | ||
| 100 | |a Whittington, O. Ray | ||
| 245 | 0 | |a Principles of auditing and other assurance services | |
| 245 | 0 | |c O. Ray Whittington and Kurt Pany | |
| 260 | |a Boston, MA | ||
| 260 | |b McGraw-Hill | ||
| 260 | |c 2004 | ||
| 650 | |a auditing | ||
| 904 | |i Minh | ||
| 910 | |a Sách có sách kèm theo số: MOL.001664, MON.024067, MOL.044909, MOL.04490, MON.117378, MOL.044908, MOL.044906, MON.117377 | ||
| 980 | |a Trung tâm Học liệu Trường Đại học Cần Thơ | ||